000 00506nam a2200181Ia 4500
005 20250508155400.0
008 008 250505s9999 xx 000 0 eng d
037 _aTextual
040 _aFEDL
_beng
_cFEDL
041 _aeng
_2eng
084 _aB, GAN
_qFEDL
100 _aDhawan Gopinath
245 0 _aPolitical philosophy of Mahatma Gandhi
260 _aAhmedabad, India
_bNavajivan Publishing House
_c1946
300 _aviii,407p.
942 _cTEXL
_hB, GAN
999 _c1356377
_d1356377